000
00344nam a2200157Ia 4500
008
210210b1908 xxu||||| |||| 00| 0 eng d
041
_a
eng
082
_a
954/103
100
_a
FRAZER (R W)
245
_a
British India
260
_a
London
_b
-
_c
1908
650
_a
India
650
_a
British
690
_a
Indian History
906
_a
025862
999
_c
151776
_d
151776